000 00939nam a22003017a 4500
001 BR2014007841
003 BR-BrBNA
005 20230928104553.0
007 ta
008 230509b bl.||||| |||| 00| 0 por d
040 _aBR-BrBNA
_bpor
_cBiblioteca Nacional de Agricultura
041 _a(Eng, Por)
072 _aQ03
_b9414
090 _ 9414 BR2014007841
100 1 _aDomingo, E. do C.
110 1 _aUniversidade Federal de Lavras, MG (Brasil)
_0Tese (Doutorado)
245 1 _aDeterminação de melamina em leite em pó por infravermelho próximo e espectrometria de massas
260 3 _aLavras, MG (Brasil):
_c2014.
300 _a80 p.
500 _aSummaries (Eng, Por); Includes several bibliographies; 15 illus.
650 _aLEITE EM PO
650 _aESPECTROMETRIA
650 _aCONTAMINACAO
650 _aANALISE QUIMICA
650 _aCOMPOSTO QUIMICO
909 _a202309
_bLucia
_c55
_dLucia Elande
942 _cBK
999 _c80628
_d80628